|
|
|
|
| LEADER |
00918nam a2200265 a 4500 |
| 001 |
12458906 |
| 008 |
100324s2004 nyua 001 0 eng D |
| 010 |
|
|
|a \\2001271682
|
| 020 |
|
|
|a 0471382280
|
| 020 |
|
|
|a 0471382280
|
| 040 |
|
|
|a DLC
|c DLC
|d DLC
|d BD-DhAAL
|
| 082 |
0 |
0 |
|a 657
|2 21
|
| 100 |
1 |
|
|a Weygandt, Jerry J.
|
| 245 |
1 |
0 |
|a Accounting principles /
|c Jerry J. Weygandt, Donald E. Kieso, Paul D. Kimmel.
|
| 250 |
|
|
|a 6th ed.
|
| 260 |
|
|
|a New York :
|b John Wiley & Sons,
|c c2004
|
| 300 |
|
|
|a xxx, 1138, [63] p. :
|b col. ill. ;
|c 24 cm.
|
| 504 |
|
|
|a Includes indexes.
|
| 541 |
1 |
|
|e 00012358
|
| 650 |
|
0 |
|a Accounting.
|
| 700 |
1 |
|
|a Kieso, Donald E.
|
| 700 |
1 |
|
|a Kimmel, Paul D.
|
| 852 |
4 |
|
|a Ayesha Abed Library
|j General Shelf
|
| 999 |
|
|
|c 7857
|d 7857
|
| 952 |
|
|
|0 0
|1 0
|2 ddc
|4 1
|6 657_000000000000000_WEY
|7 0
|9 8781
|a BRACUL
|b BRACUL
|c SPS
|d 2010-03-24
|g 130.00
|l 37
|m 221
|o 657 WEY
|p 3010012358
|r 2018-10-10
|s 2018-05-22
|t 1
|w 2010-03-24
|y BK
|